| 000 | 00863nam0a2200277 i 4500 | ||
|---|---|---|---|
| 001 | RU\NLR\bibl\1980427 | ||
| 005 | 20240726101943.0 | ||
| 010 |
_a9785905398780 _9100 |
||
| 021 |
_aRU _b2012-92748 _96868 |
||
| 035 | _a(NLR Aleph) 001969121 | ||
| 090 |
_a3930797 _c3930797 |
||
| 100 | _a20121218d2012 u y0rusy50 ca | ||
| 101 | 0 | _arus | |
| 102 | _aRU | ||
| 105 | _ay ||||||||| | ||
| 200 | 1 |
_aЛюбовь - талант от Бога _eсборник стихотворений _fСветлана Бархатова |
|
| 210 |
_aНовокузнецк _cСоюз писателей _d2012 |
||
| 215 |
_a61, [2] с. _d21 |
||
| 686 | _aШ6(2=Р)8-5 | ||
| 700 | 1 |
_aБархатова _bС. _gСветлана _4070 |
|
| 801 | 0 |
_aRU _bNLR _c20121218 _gRCR |
|
| 801 | 1 |
_aRU _bNLR _c20121218 |
|
| 942 | _cBOOK | ||
| 980 | _aNBR | ||